Social structure and the family: generational relations

Gardado en:
Detalles Bibliográficos
Main Authors: Shanas, Ethel (Author), Strieb, Gordon F (Author)
Formato: Libro
Idioma:inglés
Publicado: Englewood Cliffs Prentice-Hall 1965
Series:Prentice-Hall Sociology Series
Subjects:
Tags: Engadir etiqueta
Sen Etiquetas, Sexa o primeiro en etiquetar este rexistro!

MARC

LEADER 00000nam a2200000 a 4500
001 UCQ0448
003 CL-VaPUC
008 980627e19650000US |||||||||||||||||eng|d
082 0 4 |a 306.87  |b SHA  |2 21 
100 0 |a Shanas, Ethel  |e author  |9 413676 
700 0 |a Strieb, Gordon F  |e author  |9 413677 
245 1 0 |a Social structure and the family: generational relations 
300 |a 394 p 
942 |c BK 
945 |d 19980627 00:00:00  |a crobeson 
260 |a Englewood Cliffs  |b Prentice-Hall  |c 1965 
650 0 |a Familias   |9 255641 
650 7 |a FAMILIA NUCLEAR  |2 CL-VaPUC  |9 389047 
650 7 |a ESTRUCTURA SOCIAL  |2 CL-VaPUC  |9 413678 
650 0 |a Parentesco  |9 329859 
650 7 |a MEDIO FAMILIAR  |2 CL-VaPUC  |9 337153 
650 0 |a Trabajo social   |9 307856 
650 0 |a Bienestar social   |9 255298 
583 |a last modification  |c 20130317 01:26:23  |k Rodrigo Vera 
490 0 |a Prentice-Hall Sociology Series 
999 |c 271578  |d 271576 
952 |0 0  |1 0  |4 0  |6 306_870000000000000_SHA_1965  |7 0  |8 P  |9 306268  |a BIBENE  |b BIBENE  |d 2019-11-20  |i 1427172  |o 306.87 SHA 1965  |p 1427172  |r 2025-01-15  |w 2019-11-20  |y BK  |k ICO